Capitals of Antigua and Barbuda Parish/Dependencies - Statistics

General Stats
  • This quiz has been taken 20 times
  • The average score is 6 of 8
Answer Stats
Hint Answer % Correct
Saint Mary Old Road
100%
Saint John St. John
100%
Barbuda Codrington
67%
Saint Paul Falmouth
67%
Saint Peter Parham
67%
Saint John (rural) Potters Village
67%
Saint Philip St. Philip's
67%
Saint George Fitches Creek
33%
No matching quizzes found
Score Distribution
Percent of People with Each Score
Percentile by Number Answered
Your Score History
You have not taken this quiz